| 000 | 00430nam a2200157 i 4500 | ||
|---|---|---|---|
| 001 | 38581 | ||
| 003 | ES-MaACL | ||
| 005 | 20230906155800.0 | ||
| 007 | t| | ||
| 008 | 030226s1952 mx ||||1| spa d | ||
| 100 | 1 |
_aCamín, Alfonso. _934074 |
|
| 245 | 1 | 0 |
_aMaracas y otros poemas / _cAlfonso Camin. |
| 260 |
_aMéxico : _b[s.n., _c1952] ( _fAzteca) |
||
| 300 |
_a234 p., 5 lám. ; _c20 cm. |
||
| 852 |
_aES-MaACL _jC-43563 _bR.79395 |
||
| 999 |
_c38581 _d38581 |
||